animal BEHAVOR (Record no. 3296)

MARC details
000 -LEADER
fixed length control field 00387nam a22001697a 4500
003 - CONTROL NUMBER IDENTIFIER
control field OSt
005 - DATE AND TIME OF LATEST TRANSACTION
control field 20210913111908.0
008 - FIXED-LENGTH DATA ELEMENTS--GENERAL INFORMATION
fixed length control field 210913b |||||||| |||| 00| 0 eng d
020 ## - INTERNATIONAL STANDARD BOOK NUMBER
International Standard Book Number 0070121990
040 ## - CATALOGING SOURCE
Transcribing agency HU
082 ## - DEWEY DECIMAL CLASSIFICATION NUMBER
Edition number 5th
Classification number 591.5/DRI
100 ## - MAIN ENTRY--PERSONAL NAME
Personal name Drickamer
9 (RLIN) 3067
245 ## - TITLE STATEMENT
Title animal BEHAVOR
260 ## - PUBLICATION, DISTRIBUTION, ETC.
Place of publication, distribution, etc. New York
Name of publisher, distributor, etc. Mc Graw Hill
Date of publication, distribution, etc. 2002
300 ## - PHYSICAL DESCRIPTION
Extent 422
942 ## - ADDED ENTRY ELEMENTS (KOHA)
Source of classification or shelving scheme Dewey Decimal Classification
Koha item type Books like text book referance book
Suppress in OPAC No
Holdings
Withdrawn status Lost status Source of classification or shelving scheme Damaged status Not for loan Home library Current library Shelving location Date acquired Full call number Barcode Date last seen Copy number Price effective from Koha item type Total Checkouts Collection code
    Dewey Decimal Classification     Natural & Computational Science Library Natural & Computational Science Library General Stacks 09/13/2021 591.5/DRI NSCLIB00007540 09/13/2021 1 09/13/2021 Books like text book referance book    
    Dewey Decimal Classification     Natural & Computational Science Library Natural & Computational Science Library General Stacks 09/13/2021 591.5/DRI NSCLIB00007543 09/13/2021 2 09/13/2021 Books like text book referance book    
    Dewey Decimal Classification     Natural & Computational Science Library Natural & Computational Science Library General Stacks 09/13/2021 591.5/DRI NSCLIB00007541 09/13/2021 3 09/13/2021 Books like text book referance book    
    Dewey Decimal Classification     Social Library Social Library General Stacks 12/30/2021 591,5/DRI SHLIB 00011341 12/30/2021 C1 12/30/2021 Books like text book referance book    
    Dewey Decimal Classification     Wondo Genet Library Wondo Genet Library General Stacks 11/16/2021 591.5 DRI 2002 WGCFNRL00006893 11/16/2021 1 11/16/2021 Books like text book referance book   Reference